Digital signal processing : principles, algorithms and applications (Record no. 198414)
[ view plain ]
| 000 -LEADER | |
|---|---|
| fixed length control field | 00542nam a2200181Ia 4500 |
| 005 - DATE AND TIME OF LATEST TRANSACTION | |
| control field | 20250410100153.0 |
| 008 - FIXED-LENGTH DATA ELEMENTS--GENERAL INFORMATION | |
| fixed length control field | 231217s9999 xx 000 0 und d |
| 020 ## - INTERNATIONAL STANDARD BOOK NUMBER | |
| International Standard Book Number | 9788131710005 |
| 082 ## - DEWEY DECIMAL CLASSIFICATION NUMBER | |
| Classification number | 621.38481 PRO;74 |
| 100 ## - MAIN ENTRY--PERSONAL NAME | |
| Personal name | Proakis, John G. Manolakis, Dimitris G. |
| 245 #0 - TITLE STATEMENT | |
| Title | Digital signal processing : principles, algorithms and applications |
| 250 ## - EDITION STATEMENT | |
| Edition statement | 4th ed. |
| 260 ## - PUBLICATION, DISTRIBUTION, ETC. (IMPRINT) | |
| Date of publication, distribution, etc. | 2007 |
| Name of publisher, distributor, etc. | Pearson |
| Place of publication, distribution, etc. | South Asia |
| 300 ## - PHYSICAL DESCRIPTION | |
| Extent | xix, 1136 |
| 500 ## - GENERAL NOTE | |
| General note | Content pages available. |
| 650 ## - SUBJECT ADDED ENTRY--TOPICAL TERM | |
| Topical term or geographic name as entry element | Digital,processing,principles, |
| 942 ## - ADDED ENTRY ELEMENTS (KOHA) | |
| Koha item type | Books |
| Date last seen | Total Checkouts | Total Renewals | Full call number | Accession number | Old discount | Date checked out | Uniform Resource Identifier | Price effective from | Category | Lost status | Damaged status | Department | Withdrawn status | Permanent Location | Current Location | Shelving location | Entry date | Grants | Currency symbol | Conversion rate | Discount | Discount type |
|---|---|---|---|---|---|---|---|---|---|---|---|---|---|---|---|---|---|---|---|---|---|---|
| 28/04/2026 | 5 | 12 | 621.38481 PRO;74 | 91971 | 23/04/2026 | digital/content/49918.pdf | 26/01/2024 | Books | Central Library | Central Library | Lending Library | Central Library | 08/03/2018 | DONATED | RS | 1 | Rupees | |||||
| 24/03/2026 | 4 | 6 | 621.38481 PRO;75 | 92126 | 08/01/2026 | 26/01/2024 | Books | Central Library | Central Library | Lending Library | Central Library | 13/08/2018 | DONATED | RS | 1 | Rupees |
